Statistics for Countries by First and Last Letter

Click here to take the quiz!

General Stats

  • This quiz has been taken 54,109 times
    (54,067 since last reset)
  • The average score is 13 of 24

Answer Stats

First Letter Country Last Letter % Correct
NNepalL
80%
CChadD
77%
FFinlandD
74%
VVietnamM
73%
KKuwaitT
67%
HHondurasS
66%
JJamaicaA
63%
NNigerR
61%
BBelizeE
60%
GGabonN
55%
LLesothoO
54%
SSenegalL
52%
PPortugalL
50%
NNorwayY
48%
DDjiboutiI
47%
IIsraelL
47%
TThailandD
47%
EEgyptT
45%
UUkraineE
42%
LLuxembourgG
37%
PPhilippinesS
36%
NNetherlandsS
32%
EEswatiniI
30%
MMozambiqueE
28%

Score Distribution

Percentile by Number Answered

Percent of People with Each Score

Your Score History

You have not taken this quiz since the last reset